Normal view
MARC view
Entry Personal Name
001 - CONTROL NUMBER
- control field: 265127
003 - CONTROL NUMBER IDENTIFIER
- control field: OSt
005 - DATE AND TIME OF LATEST TRANSACTION
- control field: 20260603120540.0
008 - FIXED-LENGTH DATA ELEMENTS
- fixed length control field: 260603|| aca||aabn | a|a d
040 ## - CATALOGING SOURCE
- Original cataloging agency: OSt
- Transcribing agency: OSt
100 ## - HEADING--PERSONAL NAME
- Personal name: BOSCO (S S)
670 ## - SOURCE DATA FOUND
- Source citation: Work cat.: (OSt)103809: BOSCO (S S)., Theory and problems in mathematics. II PUC. Ed 5., 2001